1073 1456 1559 1296 1851 1969 1850 1904 1273 1623 1860 1371 1881 1606 1417 1657 1267 1191 1990 1652 1599 1473 1968 1110 1533 1990 1671 1782 1785 1128 1780 1693 1899 1874 1370 1728 1146 1418 1578 1355 1261 1503 1706 1484 1673 1692 1398 1499 1269 1184 1899 1609 1113 1158 1555 1803 1858 1750 1591 1053 1847 1716 1131 1541 1587 1039 1637 1530 1674 1443 1201 1046 1552 1623 1029 1407 1422 1120 1336 1954 1386 1409 1640 1774 1628 1544 1462 1889 1386 1157 1188 1292 1686 1163 1072 1947 1109 1481 1296 BCNSPRNW ULIB Ver.6.0+V

เปลี่ยนเป็นภาษาไทย

Change to English
 แสดงรายละเอียดบรรณานุกรม
  กลับหน้าหลัก

Brief Record : Get Marc (ISO 2709) : E-mail record : QR code < ปิดหน้าต่าง
LEADER : 00000nam 2200000uu 4500
001    13399123433
003     ULIB
008    020711s150 th a 000 0 tha d
020    9786162790690
060    WY156^bน578
100    นิตยา อังานิชเจริญ
245    การพยาบาลผู้ป่วยโรคเนื้องอกต่อมใต้สมอง/^cนิตยา อังานิชเจริญ,ทัศนีย์ อินทรสมใจ,ศิริลักษณ์ สุทธิชูไพบูลย์
250    พิมพ์ครั้งที่ 2
260    กรุงเทพฯ :^bพี.เอ.ลีฟวิ่ง,^c150
300    103 หน้า;^b21 ซม.
650    เนื้องอกต่อมใต้สมอง^xการพยาบาล
700    ทัศนีย์ อินทรสมใจ
700    ศิริลักษณ์ สุทธิชูไพบูลย์
945    ^p150^l0^i20598
945    ^p150^l0^i20599
945    ^p150^l0^i20600
945    ^p150^l0^i20601
945    ^p150^l0^i20602
รายการนี้ยังไม่มีแท็ก
คุณยังไม่ได้ล็อกอิน คุณสามารถมีกิจกรรมร่วมกับเว็บไซต์ได้ แต่ต้องล็อกอินก่อน ::
  ล็อกอิน

รายการสื่อสารสนเทศ

ลำดับที่ ประเภท เลขเรียก/บาร์โค้ด สถานที่ สถานะ
1. Book การพยาบาล
Book การพยาบาล
สถานะ=หนังสือเก่า
WY156 น578 ฉ.1 
  Barcode: 20598
ห้องสมุดวิทยาเขตนครสวรรค์
►ส่วนจัดเก็บหนังสือเก่า นว.
บนชั้น
  ขอยืม
2. Book การพยาบาล
Book การพยาบาล
สถานะ=หนังสือเก่า
WY156 น578 ฉ.2 
  Barcode: 20599
ห้องสมุดวิทยาเขตนครสวรรค์
►ส่วนจัดเก็บหนังสือเก่า นว.
บนชั้น
  ขอยืม
3. Book การพยาบาล
Book การพยาบาล
สถานะ=หนังสือเก่า
WY156 น578 ฉ.3 
  Barcode: 20600
ห้องสมุดวิทยาเขตนครสวรรค์
►ส่วนจัดเก็บหนังสือเก่า นว.
บนชั้น
  ขอยืม
4. Book การพยาบาล
Book การพยาบาล
สถานะ=หนังสือเก่า
WY156 น578 ฉ.4 
  Barcode: 20601
ห้องสมุดวิทยาเขตนครสวรรค์
►ส่วนจัดเก็บหนังสือเก่า นว.
บนชั้น
  ขอยืม
5. Book การพยาบาล
Book การพยาบาล
สถานะ=หนังสือเก่า
WY156 น578 ฉ.5 
  Barcode: 20602
ห้องสมุดวิทยาเขตนครสวรรค์
►ส่วนจัดเก็บหนังสือเก่า นว.
บนชั้น
  ขอยืม

รายการใกล้เคียง
    ผู้แต่ง [นิตยา อังานิชเจริญ]

BibComment


ยังไม่เคยถูกคอมเมนท์

คอมเมนท์ทรัพยากรรายการนี้
  คอมเมนท์: การพยาบาลผู้ป่วยโ..


 Copyright 2026. Bcnsprnw @Library